[Event "Turkey Cup 2020"]
[Site "Antalya-Belek"]
[Date "2020.01.30"]
[Round "8.18"]
[White "Okus, Melih"]
[Black "Bacak, Muhammed Kaan"]
[Result "0-1"]
[WhiteElo "1933"]
[BlackElo "2158"]
[Annotator "NA"]
[PlyCount "96"]
[EventDate "2020.01.26"]
[EventType "swiss"]
[EventCountry "TUR"]
[SourceTitle "playchess.com"]
[Source "ChessBase"]
[SourceQuality "1"]

1. e4 c5 2. Nf3 Nc6 3. d4 cxd4 4. Nxd4 Qb6 5. Nb3 Nf6 6. Nc3 e6 7. Be3 Qc7 8. f4 d6 9. Be2 a6 10. Bf3 Be7 11. Qe2 b5 12. a3 Rb8 13. O-O O-O 14. Rae1 Re8 15. Nd4 Bb7 16. Nxc6 Bxc6 17. f5 a5 18. fxe6 fxe6 19. Bf4 b4 20. axb4 axb4 21. e5 Bxf3 22. Rxf3 bxc3 23. exf6 Bxf6 24. bxc3 Bxc3 25. Rd1 e5 26. Be3 Qc6 27. Rdf1 e4 28. Rf5 Rbc8 29. Qg4 d5 30. Rf7 Qg6 31. Qxg6 hxg6 32. Rd7 Rcd8 33. Rff7 Bf6 34. Kf1 Rxd7 35. Rxd7 Rd8 36. Ra7 d4 37. Bf4 Rc8 38. Ra2 Kf7 39. Ke2 g5 40. Bg3 g4 41. Kd1 Ke6 42. Ra6+ Kd5 43. Rd6+ Kc4 44. Re6 e3 45. Rb6 d3 46. cxd3+ Kxd3 47. Rd6+ Bd4 48. Be5 e2+ 0-1

[Event "Turkey Cup 2020"]
[Site "Antalya-Belek"]
[Date "2020.01.30"]
[Round "8.19"]
[White "Yasin, Hur"]
[Black "Kara, Yanki"]
[Result "1/2-1/2"]
[WhiteElo "1936"]
[BlackElo "2175"]
[Annotator "NA"]
[PlyCount "122"]
[EventDate "2020.01.26"]
[EventType "swiss"]
[EventCountry "TUR"]
[SourceTitle "playchess.com"]
[Source "ChessBase"]
[SourceQuality "1"]

1. d4 Nf6 2. Nc3 d5 3. Bf4 c6 4. f3 Bf5 5. g4 Bg6 6. h4 h6 7. h5 Bh7 8. e3 e6 9. Bd3 Bxd3 10. Qxd3 Nbd7 11. Nge2 Be7 12. O-O-O Qb6 13. e4 dxe4 14. Nxe4 Nxe4 15. fxe4 O-O-O 16. Kb1 e5 17. Be3 Nc5 18. Qa3 exd4 19. Nxd4 Bg5 20. Nxc6 Qxc6 21. Bxc5 b6 22. Bd6 Kb7 23. e5 Rhe8 24. Rhf1 f6 25. exf6 Bxf6 26. Bf4 Qe4 27. Qg3 Qe2 28. Rde1 Qb5 29. Qf3+ Ka6 30. Bc1 Rxe1 31. Rxe1 Rd4 32. Re3 Qd5 33. Qxd5 Rxd5 34. c3 Rd1 35. Kc2 Rg1 36. Re4 Kb5 37. a4+ Kc6 38. Bd2 Rg2 39. Kd3 Kd5 40. c4+ Kd6 41. b4 Rg3+ 42. Ke2 Ra3 43. a5 bxa5 44. bxa5 Ra2 45. Ke1 Ra1+ 46. Kf2 Ra2 47. Re2 Kc6 48. Kf3 Ra3+ 49. Ke4 Ra4 50. Kd3 Kd6 51. Re4 Ra3+ 52. Ke2 Ra2 53. Ke1 a6 54. Bb4+ Kd7 55. Bd2 Kd6 56. Bb4+ Kd7 57. Kd1 Ra4 58. Bd2 Ra2 59. Be1 Kd6 60. Bg3+ Kd7 61. Be1 Kd6 1/2-1/2

[Event "Turkey Cup 2020"]
[Site "Antalya-Belek"]
[Date "2020.01.30"]
[Round "8.20"]
[White "Guven, Oguz Kagan"]
[Black "Danaci, Ege"]
[Result "1-0"]
[WhiteElo "2143"]
[BlackElo "1974"]
[Annotator "NA"]
[PlyCount "129"]
[EventDate "2020.01.26"]
[EventType "swiss"]
[EventCountry "TUR"]
[SourceTitle "playchess.com"]
[Source "ChessBase"]
[SourceQuality "1"]

1. d4 Nf6 2. Nf3 g6 3. Nbd2 Bg7 4. e4 d6 5. Bd3 O-O 6. O-O Nbd7 7. c3 e5 8. Re1 c6 9. a4 a5 10. b3 Re8 11. Ba3 Nb6 12. h3 Nh5 13. Nc4 Nxc4 14. Bxc4 Nf4 15. dxe5 dxe5 16. Qxd8 Rxd8 17. Rad1 Be6 18. Bxe6 Nxe6 19. Be7 Re8 20. Rd7 b5 21. Red1 bxa4 22. bxa4 Reb8 23. Ng5 Nxg5 24. Bxg5 f6 25. Be3 Rb3 26. Rc7 Rxc3 27. Rdd7 Bf8 28. Rxh7 Rd8 29. Bh6 Bxh6 30. Rxh6 Rd6 31. Rxg6+ Kh8 32. h4 Rd1+ 33. Kh2 Rd4 34. f3 f5 35. Re6 Rd8 36. Rxe5 fxe4 37. Rxe4 Rc2 38. Re5 Rc4 39. Rh5+ Kg8 40. Rxa5 Rxh4+ 41. Kg3 Rh6 42. Rg5+ Kh8 43. a5 Ra8 44. f4 Rd6 45. Kg4 Re6 46. g3 Rd6 47. Rh5+ Kg8 48. Rc5 Rg6+ 49. Rg5 Rxg5+ 50. Kxg5 Rxa5+ 51. Kg6 Kf8 52. Rxc6 Ra3 53. g4 Ra4 54. Kg5 Ra5+ 55. f5 Ra4 56. Rc7 Kg8 57. Kh5 Rf4 58. Rc5 Kh8 59. g5 Ra4 60. Kh6 Kg8 61. Kg6 Ra6+ 62. f6 Ra8 63. Rc7 Rb8 64. Rg7+ Kh8 65. Rh7+ 1-0

[Event "Turkey Cup 2020"]
[Site "Antalya-Belek"]
[Date "2020.01.30"]
[Round "8.21"]
[White "Sar, Can"]
[Black "Erdogan, Anil Berk"]
[Result "1/2-1/2"]
[WhiteElo "1891"]
[BlackElo "2147"]
[Annotator "NA"]
[PlyCount "83"]
[EventDate "2020.01.26"]
[EventType "swiss"]
[EventCountry "TUR"]
[SourceTitle "playchess.com"]
[Source "ChessBase"]
[SourceQuality "1"]

1. e4 c5 2. Nf3 g6 3. d4 cxd4 4. Qxd4 Nf6 5. Bb5 a6 6. Ba4 b5 7. Bb3 Nc6 8. Qd3 Bg7 9. Nc3 O-O 10. O-O d6 11. Bf4 Bb7 12. Rfe1 Nd7 13. Qe3 Nde5 14. Nxe5 Nxe5 15. Rad1 Rc8 16. a3 Nc4 17. Bxc4 Rxc4 18. e5 Qa8 19. f3 d5 20. Rd4 Qa7 21. Rxc4 Qxe3+ 22. Bxe3 dxc4 23. Bc5 Re8 24. Kf2 Rd8 25. Bxe7 Rd2+ 26. Re2 Rxe2+ 27. Nxe2 Bxe5 28. c3 f5 29. f4 Bc7 30. Bc5 Kf7 31. g3 Ke6 32. Ke3 Kd5 33. Bd4 a5 34. h4 Bd6 35. Bb6 b4 36. axb4 axb4 37. cxb4 Bxb4 38. Nc3+ Kc6 39. Bd4 Bc8 40. Ke2 Be6 41. Ke3 Bf7 42. Ba7 1/2-1/2

[Event "Turkey Cup 2020"]
[Site "Antalya-Belek"]
[Date "2020.01.30"]
[Round "8.22"]
[White "Demir, Bilal"]
[Black "Demirbag, Alihan"]
[Result "0-1"]
[WhiteElo "1964"]
[BlackElo "2104"]
[Annotator "NA"]
[PlyCount "119"]
[EventDate "2020.01.26"]
[EventType "swiss"]
[EventCountry "TUR"]
[SourceTitle "playchess.com"]
[Source "ChessBase"]
[SourceQuality "1"]

1. e4 c5 2. c3 Nf6 3. e5 Nd5 4. Bc4 Nb6 5. Bb3 d5 6. exd6 e6 7. Nf3 Bxd6 8. d4 cxd4 9. cxd4 Nc6 10. Nc3 O-O 11. O-O Be7 12. Qd3 Bf6 13. Rd1 Nb4 14. Qe4 N4d5 15. Bc2 g6 16. Bh6 Re8 17. Ne5 Bd7 18. Bb3 Bc6 19. Nxc6 bxc6 20. Qf3 Bg5 21. Bxg5 Qxg5 22. Rac1 Rac8 23. Ne4 Qe7 24. Qg3 Red8 25. h4 Qc7 26. Qe5 Nd7 27. Qxc7 Rxc7 28. Rc2 N7f6 29. Nxf6+ Nxf6 30. Kf1 Kg7 31. Ke2 h5 32. g3 Ng8 33. Ba4 Ne7 34. Kf1 Rd6 35. Rdc1 Kf8 36. a3 Ke8 37. b4 Rxd4 38. Bxc6+ Kd8 39. Bb5 Rxc2 40. Rxc2 Rd1+ 41. Ke2 Ra1 42. Rd2+ Nd5 43. Rd3 Ke7 44. Bc6 Kd6 45. Bxd5 exd5 46. Ke3 Ra2 47. f4 Rc2 48. Rb3 Rc4 49. Kd3 Ke6 50. Rc3 Re4 51. Rc6+ Kf5 52. Rc5 Kg4 53. Rxd5 Re1 54. Rg5+ Kf3 55. f5 Re3+ 56. Kc4 Re4+ 57. Kd5 Rg4 58. Rxg4 hxg4 59. Ke5 Kxg3 60. Kd5 0-1

[Event "Turkey Cup 2020"]
[Site "Antalya-Belek"]
[Date "2020.01.30"]
[Round "8.23"]
[White "Yarar, Muammer Atakan"]
[Black "Ozdemir, Serhan Berat"]
[Result "1/2-1/2"]
[WhiteElo "1812"]
[BlackElo "2139"]
[Annotator "NA"]
[PlyCount "178"]
[EventDate "2020.01.26"]
[EventType "swiss"]
[EventCountry "TUR"]
[SourceTitle "playchess.com"]
[Source "ChessBase"]
[SourceQuality "1"]

1. d4 Nf6 2. c4 g6 3. Nc3 Bg7 4. e4 d6 5. Be2 O-O 6. Nf3 Bg4 7. Be3 Nfd7 8. Qd2 c5 9. d5 Na6 10. O-O Nc7 11. h3 Bxf3 12. Bxf3 Re8 13. Bh6 Bh8 14. Rfe1 e6 15. dxe6 Nxe6 16. Qxd6 Nd4 17. Bf4 Be5 18. Bxe5 Nxe5 19. Qxd8 Nexf3+ 20. gxf3 Nxf3+ 21. Kh1 Raxd8 22. Red1 Nd2 23. Rac1 Kg7 24. b3 Rd4 25. Kg2 Nxe4 26. Nb5 Rxd1 27. Rxd1 a6 28. Nd6 Nxd6 29. Rxd6 Re7 30. Kf3 f5 31. a3 Kh6 32. b4 Re4 33. Rb6 Rxc4 34. Rxb7 Rc3+ 35. Kg2 c4 36. Rc7 Rxa3 37. Rxc4 Ra4 38. Rc6 Kg5 39. Kg3 Ra3+ 40. Kg2 Kh4 41. Rc4+ Kh5 42. Rc5 Ra4 43. Rc6 Kg5 44. Kg3 Ra3+ 45. Kg2 f4 46. Rc7 h5 47. Rc6 Kh4 48. Rxg6 f3+ 49. Kh2 Ra2 50. Kg1 Ra1+ 51. Kh2 Rf1 52. Rxa6 Rxf2+ 53. Kg1 Rb2 54. Rh6 Kg3 55. Rg6+ Kxh3 56. Rf6 Kg4 57. Rg6+ Kf5 58. Rg8 h4 59. Rf8+ Kg4 60. Rg8+ Kh3 61. Rh8 Rg2+ 62. Kf1 Rc2 63. Rf8 Kg3 64. Rg8+ Kh2 65. Rf8 Kg3 66. Rg8+ Kf4 67. Rf8+ Ke4 68. Re8+ Kf5 69. Rf8+ Kg4 70. Rg8+ Kh3 71. Rf8 Kg3 72. Rg8+ Kh2 73. Rf8 Rc3 74. b5 Rb3 75. b6 h3 76. b7 Rxb7 77. Rxf3 Rg7 78. Rf8 Rg1+ 79. Kf2 Rg2+ 80. Kf1 Rg4 81. Rf7 Rg6 82. Rf8 Ra6 83. Rf3 Ra1+ 84. Kf2 Ra2+ 85. Kf1 Ra1+ 86. Kf2 Rc1 87. Re3 Rc2+ 88. Kf1 Rg2 89. Rf3 Rg3 1/2-1/2

[Event "Turkey Cup 2020"]
[Site "Antalya-Belek"]
[Date "2020.01.30"]
[Round "8.24"]
[White "Isik, Can"]
[Black "Kucuk, Dogan"]
[Result "1/2-1/2"]
[WhiteElo "1710"]
[BlackElo "2005"]
[Annotator "NA"]
[PlyCount "88"]
[EventDate "2020.01.26"]
[EventType "swiss"]
[EventCountry "TUR"]
[SourceTitle "playchess.com"]
[Source "ChessBase"]
[SourceQuality "1"]

1. e4 d6 2. d4 g6 3. Nf3 Bg7 4. Bd3 a6 5. a4 b6 6. O-O e6 7. Re1 Ne7 8. Nbd2 Nd7 9. Nf1 h6 10. Be3 O-O 11. Qc1 Kh7 12. Ng3 Bb7 13. h4 e5 14. dxe5 Nxe5 15. Nxe5 dxe5 16. h5 Ng8 17. f3 Qe7 18. Kf2 Bf6 19. Rh1 Bh4 20. Qd2 Bxg3+ 21. Kxg3 g5 22. Kf2 Nf6 23. g4 Rfd8 24. Qe2 Nd7 25. b3 Kg7 26. Rad1 Nc5 27. Bxc5 Qxc5+ 28. Qe3 Qb4 29. Qd2 Qc5+ 30. Qe3 Rd4 31. Bc4 Rad8 32. Bd3 a5 33. Kg3 Ba6 34. Rh2 Bxd3 35. Rxd3 Qd6 36. Rhd2 c5 37. Kf2 Qe6 38. Ke2 R8d6 39. c4 Qf6 40. Rd1 Qd8 41. R1d2 Kf6 42. Rd1 Rxd3 43. Rxd3 Rd4 44. Qd2 Ke6 1/2-1/2

[Event "Turkey Cup 2020"]
[Site "Antalya-Belek"]
[Date "2020.01.30"]
[Round "8.25"]
[White "Soylu, Suat"]
[Black "Aysoy, Veysi"]
[Result "1/2-1/2"]
[WhiteElo "2329"]
[BlackElo "1869"]
[Annotator "TA"]
[PlyCount "75"]
[EventDate "2020.01.26"]
[EventType "swiss"]
[EventCountry "TUR"]
[SourceTitle "playchess.com"]
[Source "ChessBase"]
[SourceQuality "1"]

1. Nf3 f5 2. g3 Nf6 3. Bg2 g6 4. O-O Bg7 5. c4 d6 6. d4 O-O 7. Nc3 Nc6 8. d5 Ne5 9. Nxe5 dxe5 10. c5 e4 11. Qb3 b6 12. Bf4 Rf7 13. Nb5 Nxd5 14. Rad1 c6 15. Nc7 e5 16. Nxa8 exf4 17. cxb6 axb6 18. gxf4 Ra7 19. Nxb6 Rb7 20. Rxd5 cxd5 21. Qxd5+ Qxd5 22. Nxd5 Be6 23. Rd1 Rxb2 24. Bf1 Rxa2 25. Nc7 Bf7 26. e3 Bf6 27. Re1 Rc2 28. Nb5 Bh4 29. Be2 Kg7 30. Nd4 Rb2 31. Kf1 Bf6 32. Rd1 Ra2 33. h3 h6 34. Nc6 Ra1 35. Rxa1 Bxa1 36. Na5 Bc3 37. Nc4 Bxc4 38. Bxc4 1/2-1/2

[Event "Turkey Cup 2020"]
[Site "Antalya-Belek"]
[Date "2020.01.30"]
[Round "8.26"]
[White "Yarar, Bora"]
[Black "Ozenir, Ekin Baris"]
[Result "0-1"]
[WhiteElo "1871"]
[BlackElo "2285"]
[Annotator "NA RC"]
[PlyCount "94"]
[EventDate "2020.01.26"]
[EventType "swiss"]
[EventCountry "TUR"]
[SourceTitle "playchess.com"]
[Source "ChessBase"]
[SourceQuality "1"]

1. c4 e5 2. Nc3 Nc6 3. g3 g6 4. Bg2 Bg7 5. d3 d6 6. e3 Nge7 7. Nge2 Be6 8. Nd5 O-O 9. O-O Qd7 10. Rb1 Nd8 11. b4 c6 12. Nxe7+ Qxe7 13. b5 Bd7 14. Ba3 f5 15. Qd2 g5 16. f4 h6 17. Nc3 Rc8 18. bxc6 bxc6 19. Rfe1 Be6 20. fxe5 Bxe5 21. d4 Bg7 22. Qd3 Qd7 23. Rbc1 Bf7 24. e4 Ne6 25. e5 dxe5 26. Bxf8 e4 27. Qd2 Bxd4+ 28. Kh1 Rxf8 29. Ne2 c5 30. Rf1 Bg6 31. Nc3 Kg7 32. Nd5 Nc7 33. Nxc7 Qxc7 34. Rce1 Qe5 35. Qc2 h5 36. Qa4 Rf7 37. Qc6 Bc3 38. Re2 Qd4 39. Qe6 Qd3 40. Ref2 Bd4 41. Rxf5 Bxf5 42. Rxf5 Qd1+ 43. Bf1 Qxf1+ 44. Rxf1 Rxf1+ 45. Kg2 Rg1+ 46. Kh3 Bf6 47. Qd7+ Kh6 0-1

[Event "Turkey Cup 2020"]
[Site "Antalya-Belek"]
[Date "2020.01.30"]
[Round "8.27"]
[White "Aydogdu, Selcan Ayberk"]
[Black "Karaoglan, Doruk"]
[Result "0-1"]
[WhiteElo "1940"]
[BlackElo "2222"]
[Annotator "NA"]
[PlyCount "64"]
[EventDate "2020.01.26"]
[EventType "swiss"]
[EventCountry "TUR"]
[SourceTitle "playchess.com"]
[Source "ChessBase"]
[SourceQuality "1"]

1. d4 Nf6 2. c4 g6 3. f3 Bg7 4. e4 d6 5. Ne2 O-O 6. Be3 c5 7. d5 e6 8. Nec3 exd5 9. cxd5 a6 10. a4 Nbd7 11. Nd2 Ne5 12. Nc4 Nh5 13. Be2 Nxc4 14. Bxc4 f5 15. O-O f4 16. Bf2 Qg5 17. Re1 Be5 18. Qd2 b6 19. Rab1 Nf6 20. g4 Qh6 21. Bf1 Bxg4 22. fxg4 Nxg4 23. h3 Nxf2 24. Kxf2 Qh5 25. Red1 f3 26. Qc2 Qg5 27. Rd2 Bg3+ 28. Kg1 f2+ 29. Kh1 Bh2 30. Bg2 f1=Q+ 31. Rxf1 Rxf1+ 32. Kxh2 Qf4# 0-1

[Event "Turkey Cup 2020"]
[Site "Antalya-Belek"]
[Date "2020.01.30"]
[Round "8.28"]
[White "Oney, Adil Feridun"]
[Black "Canbulan, Arda"]
[Result "1/2-1/2"]
[WhiteElo "2041"]
[BlackElo "1840"]
[Annotator "NA"]
[PlyCount "33"]
[EventDate "2020.01.26"]
[EventType "swiss"]
[EventCountry "TUR"]
[SourceTitle "playchess.com"]
[Source "ChessBase"]
[SourceQuality "1"]

1. Nf3 d5 2. g3 c5 3. Bg2 Nc6 4. d4 Nf6 5. O-O e6 6. c4 dxc4 7. Qa4 Qa5 8. Qxc4 Qb4 9. Qxb4 Nxb4 10. Nc3 Nc2 11. Rb1 cxd4 12. Nb5 Nd5 13. Nbxd4 Nxd4 14. Nxd4 Bc5 15. Nb3 Bb6 16. Rd1 O-O 17. Bd2 1/2-1/2

[Event "Turkey Cup 2020"]
[Site "Antalya-Belek"]
[Date "2020.01.30"]
[Round "8.29"]
[White "Ozkan, Ervin"]
[Black "Kocakaplan, Emre"]
[Result "1-0"]
[WhiteElo "2185"]
[BlackElo "1857"]
[Annotator "NA"]
[PlyCount "131"]
[EventDate "2020.01.26"]
[EventType "swiss"]
[EventCountry "TUR"]
[SourceTitle "playchess.com"]
[Source "ChessBase"]
[SourceQuality "1"]

1. d4 Nf6 2. Bf4 d5 3. e3 c5 4. c3 Nc6 5. Nd2 Bf5 6. Ngf3 Qb6 7. Qb3 c4 8. Qxb6 axb6 9. a3 h6 10. Be2 e6 11. O-O Be7 12. h3 b5 13. Rfe1 O-O 14. Rac1 Rfd8 15. Bd1 g5 16. Bh2 Bd6 17. Bxd6 Rxd6 18. Bc2 Kg7 19. e4 dxe4 20. Nxe4 Nxe4 21. Bxe4 Bxe4 22. Rxe4 Rd5 23. Rce1 Kf6 24. Nh2 Kg7 25. Nf1 Rad8 26. R4e2 R5d7 27. h4 Ne7 28. hxg5 hxg5 29. Nd2 Ng6 30. g3 Rd5 31. Nf1 R5d7 32. Ne3 Ne7 33. Kg2 Nc6 34. Rh1 Rh8 35. Rhe1 Rhd8 36. Rb1 Ra8 37. Ng4 Rd5 38. Rbe1 Rad8 39. Ne3 R5d7 40. Ng4 Rd5 41. Rh1 Rh8 42. Rxh8 Kxh8 43. Nf6 Rf5 44. Ne8 Nd8 45. Re5 Nc6 46. Rxf5 exf5 47. Nd6 Kg7 48. Nxf5+ Kf6 49. Nd6 Ke6 50. Nxb5 Na5 51. Kf3 f5 52. g4 fxg4+ 53. Kxg4 Kf6 54. Nd6 Kg6 55. Ne4 Nb3 56. Nxg5 Nc1 57. Ne6 Kf6 58. Nf4 b5 59. Nd5+ Kg6 60. Nc7 Nd3 61. f4 Nxb2 62. Nxb5 Na4 63. f5+ Kf6 64. Kf4 Nb2 65. Ke4 Nd1 66. a4 1-0

[Event "Turkey Cup 2020"]
[Site "Antalya-Belek"]
[Date "2020.01.30"]
[Round "8.30"]
[White "Kaptan, Emre Akin"]
[Black "Gunduz, Umut Erdem"]
[Result "0-1"]
[WhiteElo "1869"]
[BlackElo "2193"]
[Annotator "NA"]
[PlyCount "118"]
[EventDate "2020.01.26"]
[EventType "swiss"]
[EventCountry "TUR"]
[SourceTitle "playchess.com"]
[Source "ChessBase"]
[SourceQuality "1"]

1. e4 e5 2. Nf3 Nc6 3. Bb5 f5 4. d3 fxe4 5. dxe4 Nf6 6. O-O d6 7. Nc3 Be7 8. h3 O-O 9. Bc4+ Kh8 10. Ng5 Qe8 11. f4 exf4 12. Bxf4 Ne5 13. Be6 Nh5 14. Bxe5 Rxf1+ 15. Qxf1 Bxg5 16. Bxc8 Be3+ 17. Kh1 dxe5 18. Qf3 Bf4 19. Bxb7 Ng3+ 20. Kg1 Rb8 21. Bd5 Qg6 22. Re1 Bd2 23. Rd1 Qb6+ 24. Kh2 Bf4 25. Na4 Qa5 26. Bb3 c5 27. c3 c4 28. Bc2 Qc7 29. Kg1 a6 30. Qf2 h5 31. b4 Qe7 32. Nb6 Qg5 33. Nd5 Rf8 34. Re1 Nxe4 35. h4 Qd8 36. Qe2 Ng3 37. Qxc4 e4 38. Rxe4 Bb8 39. Re1 Qd6 40. Nf4 Qxf4 41. Qxf4 Bxf4 42. c4 Bd2 43. Rb1 Rf4 44. Kh2 Ne2 45. Kh3 Rxc4 46. Bd1 Nc3 47. Rb2 Be1 48. g3 Nxd1 49. Rb1 Rd4 50. b5 axb5 51. Rxb5 g6 52. Rb6 Kg7 53. Rb7+ Kh6 54. Rb3 Nc3 55. a4 Rxa4 56. Rb8 Rg4 57. Kh2 Bxg3+ 58. Kh1 Rxh4+ 59. Kg2 Bxb8 0-1

[Event "Turkey Cup 2020"]
[Site "Antalya-Belek"]
[Date "2020.01.30"]
[Round "8.31"]
[White "Ersahin, Bulent"]
[Black "Erdogmus, Yagiz Kaan"]
[Result "1/2-1/2"]
[WhiteElo "2121"]
[BlackElo "1866"]
[Annotator "NA"]
[PlyCount "128"]
[EventDate "2020.01.26"]
[EventType "swiss"]
[EventCountry "TUR"]
[SourceTitle "playchess.com"]
[Source "ChessBase"]
[SourceQuality "1"]

1. e4 c5 2. Nf3 e6 3. d3 Nc6 4. g3 g6 5. Bg2 Bg7 6. O-O Nge7 7. Nc3 O-O 8. Be3 Nd4 9. Qd2 d6 10. Bh6 Nec6 11. Bxg7 Kxg7 12. Nxd4 Nxd4 13. Nd1 Nc6 14. Ne3 f5 15. f4 Bd7 16. Rae1 Qc7 17. g4 Ne7 18. Qc3+ Kg8 19. exf5 gxf5 20. gxf5 Nxf5 21. Nxf5 Rxf5 22. Re3 Kf7 23. Rg3 Rg8 24. Rxg8 Kxg8 25. Rf3 Rf7 26. Rg3+ Kf8 27. Qh8+ Ke7 28. f5 Qa5 29. f6+ Rxf6 30. Qxh7+ Rf7 31. Qh4+ Kf8 32. Rg6 c4 33. Rh6 Qd2 34. Rh8+ Kg7 35. Rh7+ Kg8 36. Rxf7 Kxf7 37. Qf2+ Qxf2+ 38. Kxf2 cxd3 39. cxd3 d5 40. d4 Kf6 41. Ke3 Kg5 42. Kf3 b6 43. Kg3 a5 44. Bh3 Kf6 45. Kf4 Be8 46. Bg4 Bg6 47. a3 Bd3 48. h4 Bh7 49. Bh5 Bc2 50. Be8 Bh7 51. Bb5 Bc2 52. Be2 Bb1 53. Bg4 Bh7 54. h5 Bb1 55. Be2 Bc2 56. Bg4 Bb1 57. h6 Bh7 58. Be2 Bc2 59. Bg4 Bh7 60. Bh5 Bc2 61. Be8 Bh7 62. b4 axb4 63. axb4 Bb1 64. Bb5 Bh7 1/2-1/2

[Event "Turkey Cup 2020"]
[Site "Antalya-Belek"]
[Date "2020.01.30"]
[Round "8.32"]
[White "Kalemler, Kaan"]
[Black "Can, Melih Kaan"]
[Result "1/2-1/2"]
[WhiteElo "1841"]
[BlackElo "2138"]
[Annotator "NA"]
[PlyCount "120"]
[EventDate "2020.01.26"]
[EventType "swiss"]
[EventCountry "TUR"]
[SourceTitle "playchess.com"]
[Source "ChessBase"]
[SourceQuality "1"]

1. e4 e5 2. Nf3 Nc6 3. Bb5 a6 4. Ba4 Nf6 5. O-O Be7 6. Re1 b5 7. Bb3 O-O 8. d3 d6 9. c3 Na5 10. Bc2 Re8 11. Nbd2 Bf8 12. Nf1 Bb7 13. Ng3 g6 14. d4 exd4 15. cxd4 c5 16. b3 Bg7 17. Bb2 cxd4 18. Nxd4 Rc8 19. Qd2 Nc6 20. a4 Nxd4 21. Bxd4 d5 22. e5 Ng4 23. axb5 axb5 24. Bd3 Qh4 25. Bxb5 Qxh2+ 26. Kf1 Bc6 27. Bxc6 Rxc6 28. e6 f6 29. e7 h5 30. Ba7 Kh7 31. Qxd5 Rc2 32. Qd3 Rc7 33. Qd6 Rc2 34. Qd7 Rcc8 35. Rac1 Ra8 36. Bb6 Ne5 37. Rxe5 fxe5 38. Bd8 Rg8 39. e8=Q Rxe8 40. Qxe8 h4 41. Ne2 h3 42. gxh3 Qxh3+ 43. Kg1 Qd3 44. Rc3 Rxd8 45. Qe7 Qd1+ 46. Kh2 Qd7 47. Rh3+ Kg8 48. Qh4 e4 49. Qxe4 Qd6+ 50. Rg3 Rf8 51. Kg2 Rf5 52. Qe8+ Kh7 53. Rh3+ Bh6 54. Qe3 Qd5+ 55. Kh2 Rh5 56. Qe7+ Bg7 57. Nf4 Qxb3 58. Ne6 Kh6 59. Kg1 Be5 60. Kg2 Qb1 1/2-1/2

[Event "Turkey Cup 2020"]
[Site "Antalya-Belek"]
[Date "2020.01.30"]
[Round "8.33"]
[White "Temizer, Umut"]
[Black "Tepe, Efe Can"]
[Result "1-0"]
[WhiteElo "1927"]
[BlackElo "2137"]
[Annotator "NA"]
[PlyCount "47"]
[EventDate "2020.01.26"]
[EventType "swiss"]
[EventCountry "TUR"]
[SourceTitle "playchess.com"]
[Source "ChessBase"]
[SourceQuality "1"]

1. e4 c5 2. Nf3 d6 3. Bb5+ Nd7 4. c3 Ngf6 5. Qe2 a6 6. Ba4 e5 7. O-O Be7 8. d4 b5 9. Bc2 O-O 10. Rd1 Qc7 11. a4 Bb7 12. axb5 axb5 13. Rxa8 Rxa8 14. Na3 cxd4 15. Nxb5 Qb6 16. cxd4 Ba6 17. Bd3 d5 18. Nc3 dxe4 19. Nxe4 Bxd3 20. Qxd3 exd4 21. Nxd4 Ne5 22. Qe2 Rc8 23. Nf5 Bf8 24. Ned6 1-0

[Event "Turkey Cup 2020"]
[Site "Antalya-Belek"]
[Date "2020.01.30"]
[Round "8.34"]
[White "Kirilmaz, Emre"]
[Black "Caberoglu, Arda"]
[Result "1-0"]
[WhiteElo "2068"]
[BlackElo "1893"]
[Annotator "NA"]
[PlyCount "113"]
[EventDate "2020.01.26"]
[EventType "swiss"]
[EventCountry "TUR"]
[SourceTitle "playchess.com"]
[Source "ChessBase"]
[SourceQuality "1"]

1. d4 d5 2. c3 c6 3. Bg5 Bf5 4. Nd2 h6 5. Bh4 Qb6 6. Qb3 Nd7 7. f3 Ngf6 8. O-O-O Qxb3 9. Nxb3 a5 10. g4 Bg6 11. Nd2 e6 12. Nh3 c5 13. e3 cxd4 14. exd4 Rc8 15. Re1 Bd6 16. Bb5 O-O 17. Bg3 Bxg3 18. hxg3 Rfe8 19. Rh2 e5 20. Rhe2 e4 21. Nf4 Re7 22. Nxg6 fxg6 23. fxe4 dxe4 24. g5 hxg5 25. Nc4 g4 26. Nd6 Rc7 27. Bc4+ Kh7 28. Bb3 Nh5 29. Rxe4 Rxe4 30. Nxe4 Ndf6 31. Kd2 Nxe4+ 32. Rxe4 Nxg3 33. Rxg4 Nf5 34. d5 Kh6 35. c4 b6 36. Bd1 Re7 37. a3 g5 38. Rg1 g6 39. b4 axb4 40. axb4 Re4 41. Be2 b5 42. Bd3 Rf4 43. cxb5 Rd4 44. Kc3 Rxd5 45. Ra1 Rd8 46. Be4 Nd6 47. Bc6 Rb8 48. Ra5 g4 49. Kd4 g3 50. Kc5 Nb7+ 51. Bxb7 Rxb7 52. b6 g2 53. Ra1 Rf7 54. Rg1 Rf2 55. b7 Rf8 56. Rxg2 g5 57. Kb6 1-0

[Event "Turkey Cup 2020"]
[Site "Antalya-Belek"]
[Date "2020.01.30"]
[Round "8.35"]
[White "Seyhanoglu, Deniz"]
[Black "Ozcan, Ilker"]
[Result "1/2-1/2"]
[WhiteElo "2087"]
[BlackElo "1858"]
[Annotator "NA"]
[PlyCount "105"]
[EventDate "2020.01.26"]
[EventType "swiss"]
[EventCountry "TUR"]
[SourceTitle "playchess.com"]
[Source "ChessBase"]
[SourceQuality "1"]

1. c4 e5 2. g3 Nf6 3. Bg2 c6 4. d4 exd4 5. Qxd4 Na6 6. a3 Bc5 7. Qe5+ Be7 8. Nf3 O-O 9. O-O d6 10. Qc3 Nc5 11. Qc2 a5 12. Be3 Qb6 13. Nfd2 Ng4 14. Bd4 Bf6 15. Bxf6 Nxf6 16. b3 Bg4 17. Nc3 Rfe8 18. Rfe1 Re7 19. Rab1 Rae8 20. b4 axb4 21. axb4 Ne6 22. e3 Bh5 23. Rb2 Bg6 24. Qb3 Nd4 25. Qa2 Qc7 26. Ra1 Nf5 27. Nf1 h5 28. h3 Nd7 29. Rd2 Nf6 30. Rad1 Re6 31. Ne2 Ne4 32. Rd3 Nh6 33. Nf4 Rf6 34. Nxg6 Rxg6 35. Bxe4 Rxe4 36. Qa8+ Kh7 37. Rd4 Rxd4 38. Rxd4 Qe7 39. Qa5 h4 40. g4 f5 41. f3 fxg4 42. hxg4 Rg5 43. Qa3 Qf6 44. Qd3+ Rg6 45. Nh2 Nf7 46. f4 Nh6 47. Kh1 c5 48. bxc5 dxc5 49. Rd8 Qa1+ 50. Kg2 Qb2+ 51. Kh1 Qc1+ 52. Kg2 Qb2+ 53. Kg1 1/2-1/2

[Event "Turkey Cup 2020"]
[Site "Antalya-Belek"]
[Date "2020.01.30"]
[Round "8.36"]
[White "Kisadere, Kutay"]
[Black "Usun, Tolga"]
[Result "1/2-1/2"]
[WhiteElo "1831"]
[BlackElo "2021"]
[Annotator "NA"]
[PlyCount "57"]
[EventDate "2020.01.26"]
[EventType "swiss"]
[EventCountry "TUR"]
[SourceTitle "playchess.com"]
[Source "ChessBase"]
[SourceQuality "1"]

1. e4 c5 2. Nf3 Nc6 3. d4 cxd4 4. Nxd4 Nf6 5. Nc3 e5 6. Ndb5 d6 7. Bg5 a6 8. Na3 b5 9. Nd5 Be7 10. Bxf6 Bxf6 11. c3 Rb8 12. Nc2 Bg5 13. a4 bxa4 14. Ncb4 Nxb4 15. Nxb4 Bd7 16. Bxa6 Qa5 17. Qxd6 Rb6 18. Qd3 Be7 19. Rd1 Be6 20. Bc4 O-O 21. Bxe6 fxe6 22. O-O Bxb4 23. cxb4 Rxb4 24. Qd7 Rxb2 25. Qxe6+ Kh8 26. Qe7 Qb4 27. Qxe5 a3 28. Rd7 Rg8 29. Rxg7 1/2-1/2